000 00649nam a2200241Ia 4500
008 160216s9999 xx 000 0 und d
020 _a971-821-046-6
050 _aFIL AZ 183
050 _b.P45I58 2003 c.2
245 _aIntroduction to humanities :
245 _ba humane experience /
245 _cVictoria S. Lamucho… [et al]
260 _aValenzuela City:
260 _bMega-Jesta Prints, Inc.
260 _c2003
300 _a217 pages :
300 _bill. ;
300 _c25 cm.
500 _aIncludes bibliographical references.
650 _aHumanities --
650 _aPhilippines.
650 _xStudy and teaching.
999 _c290924
_d290924